1546 1368 1578 1306 1230 1671 1341 1314 1443 1304 1224 1917 1413 1241 1393 1313 1330 1922 1249 1166 1424 1788 1223 1780 1292 1654 1053 1958 1914 1826 1662 1246 1822 1901 1395 1550 1904 1585 1441 1792 1447 1248 1016 1968 1405 1237 1933 1058 1651 1824 1025 1866 1713 1055 1815 1887 1294 1763 1341 1241 1523 1814 1962 1208 1832 1659 1407 1787 1974 1274 1690 1049 1295 1295 1543 1384 1014 1521 1070 1589 1762 1759 1771 1289 1388 1533 1724 1062 1394 1657 1894 1002 1238 1885 1253 1210 1721 1184 1515 BCNSPRNW ULIB Ver.6.0+V

เปลี่ยนเป็นภาษาไทย

Change to English
 แสดงรายละเอียดบรรณานุกรม
  กลับหน้าหลัก

Brief Record : Get Marc (ISO 2709) : E-mail record : QR code < ปิดหน้าต่าง
LEADER : 00000nam 2200000uu 4500
001    13399127484
003     ULIB
008    200610s2020||||th 000 0 tha d
020    ^a9780323595421
060    ^aWY100^bH371U
100    ^aHaugen Nancy , Galura J. Sandra (Author)
245    ^aUlrich & Canale s Nursing Care Planning Guides: Prioritization, Delegation, and Clinical Reasoning
250    ^a8th ed
260    ^aSt.Louis, Missouri :^bELSEVIER,^c2020
300    ^a912 pages;^b28 cm
650    ^aNursing Care Planning
945    ^p0^l0^i28390
999    ^aกัณชพร จุลอักษร
รายการนี้ยังไม่มีแท็ก
คุณยังไม่ได้ล็อกอิน คุณสามารถมีกิจกรรมร่วมกับเว็บไซต์ได้ แต่ต้องล็อกอินก่อน ::
  ล็อกอิน

รายการสื่อสารสนเทศ

ลำดับที่ ประเภท เลขเรียก/บาร์โค้ด สถานที่ สถานะ
1. หนังสือสำรอง
หนังสือสำรอง
WY100 H371U ฉ.1 
  Barcode: 28390
ห้องสมุดวิทยาเขตนครสวรรค์
►หนังสือทั่วไป:l:General Books
บนชั้น

รายการใกล้เคียง
    ชื่อเรื่อง [Ulrich & Canale s Nursing Care Planning Guides: Prioritization, Delegation, and Clinical Reasoning]

    หัวเรื่อง [Nursing Care Planning]

BibComment


ยังไม่เคยถูกคอมเมนท์

คอมเมนท์ทรัพยากรรายการนี้
  คอมเมนท์: Ulrich Canale s..


 Copyright 2026. Bcnsprnw @Library